000 00655nam a2200181Ia 4500
008 090124s9999 xx 000 0 und d
082 _b23306
100 _aटोऴ द. श्री.
245 _a डॉ. बाबासाहेब आंबेडकर
250 _a0
260 _bविदर्भ मराठवाडा बुक कंपनी : पुणे
_c1979
300 _a36
600 _aटोऴ द. श्री.
630 _a डॉ. बाबासाहेब आंबेडकर
700 _aटोऴ द. श्री.
730 _a डॉ. बाबासाहेब आंबेडकर
942 _cBOOK
999 _c92264
_d92264